Statistics for Countries Of The Middle East

Click here to take the quiz!

General Stats

  • This quiz has been taken 14 times
  • The average score is 22 of 36

Answers on the Map

Answers color-coded by a green-red scale on the quiz's map according to % correct below.
 

Answer Stats

Answer% Correct
Algeria
92%
Somalia
92%
Morocco
83%
Egypt
75%
Iran
75%
Cyprus
67%
Kazakhstan
67%
Kuwait
67%
Kyrgyzstan
67%
Libya
67%
Maldives
67%
Mauritania
67%
Sudan
67%
Tunisia
67%
Turkey
67%
Yemen
67%
Afghanistan
58%
Armenia
58%
Azerbaijan
58%
Comoros
58%
Georgia
58%
Iraq
58%
Pakistan
58%
Qatar
58%
Saudi Arabia
58%
Tajikistan
58%
UAE
58%
Uzbekistan
58%
Bahrain
50%
Djibouti
50%
Israel
50%
Lebanon
50%
Syria
50%
Turkmenistan
50%
Jordan
42%
Oman
42%

Score Distribution

Percentile by Number Answered

Percent of People with Each Score

Your Score History

You have not taken this quiz